000 00454nam a2200157Ia 4500
008 210210b2000 xxu||||| |||| 00| 0 eng d
020 _a81 7594 064 6
082 _a327.54 SHAI
100 _aSHARMA (Prem Lata).
245 _aIndia's foreign policy: prospects and retrospect.
260 _aJaipur.
_bMangal Deep Publications.,
_c2000
300 _aviii,284
650 _aIndia Foreign Policy
690 _aInternational Relations
906 _a056681
999 _c104239
_d104239